[Event "SK Königsspringer Nordwalde 1 - SK Müns"]
[Site "Verbandsklasse 2016/2017"]
[Date "2017.03.25"]
[Round "8.1"]
[White "Jensen, Sören"]
[Black "Wetterau, Georg"]
[Result "0-1"]
[WhiteElo "1734"]
[BlackElo "1800"]
[PlyCount "54"]
[EventDate "2017.??.??"]
[SourceDate "2016.10.13"]

1. e4 e5 2. Nf3 Nc6 3. Bc4 Nf6 4. d4 exd4 5. O-O Bc5 6. Bg5 d6 7. Bb5 h6 8.
Bxf6 Qxf6 9. e5 dxe5 10. Nxe5 O-O 11. Nxc6 bxc6 12. Bd3 Bf5 13. Nd2 Bxd3 14.
cxd3 Qg6 15. Ne4 Be7 16. Rc1 Rab8 17. Qa4 Rxb2 18. Rxc6 Rb4 19. Qc2 Bd6 20.
Nxd6 cxd6 21. Ra6 Rfb8 22. Rxa7 Rb2 23. Qc4 Rb1 24. g3 Rxf1+ 25. Kxf1 Qf6 26.
Rb7 Re8 27. a4 Qf3 0-1

[Event "SK Königsspringer Nordwalde 1 - SK Müns"]
[Site "Verbandsklasse 2016/2017"]
[Date "2017.03.25"]
[Round "8.2"]
[White "Sandmann, Matthias"]
[Black "Vogenauer, Nikolas"]
[Result "1-0"]
[WhiteElo "1742"]
[BlackElo "1694"]
[PlyCount "51"]
[EventDate "2017.??.??"]
[SourceDate "2016.10.13"]

1. d4 Nf6 2. Bg5 d5 3. Nd2 Nbd7 4. e3 e5 5. dxe5 Nxe5 6. Ngf3 Ng6 7. Be2 Be7 8.
h3 O-O 9. O-O h6 10. Bh4 Nxh4 11. Nxh4 Be6 12. Nhf3 c5 13. c3 Qc7 14. Qc2 Rfd8
15. e4 dxe4 16. Nxe4 Rd7 17. Rfe1 Rad8 18. Bb5 Rd5 19. Bc4 R5d7 20. Nxf6+ Bxf6
21. Bxe6 fxe6 22. Rxe6 Re7 23. Rae1 Rxe6 24. Rxe6 Qd7 25. Qf5 Kf7 26. Ne5+ 1-0

[Event "SK Königsspringer Nordwalde 1 - SK Müns"]
[Site "Verbandsklasse 2016/2017"]
[Date "2017.03.25"]
[Round "8.3"]
[White "Peters, Helmut"]
[Black "Lerke, Bernd"]
[Result "1/2-1/2"]
[WhiteElo "2067"]
[BlackElo "1857"]
[PlyCount "56"]
[EventDate "2017.??.??"]
[SourceDate "2016.10.13"]

1. c4 Nf6 2. g3 d5 3. Bg2 d4 4. Nf3 c5 5. O-O Nc6 6. e3 e5 7. exd4 exd4 8. d3
Be7 9. h3 O-O 10. Na3 Bf5 11. Nh4 Qd7 12. Nxf5 Qxf5 13. g4 Qd7 14. Nc2 h6 15.
Rb1 a5 16. Na3 Nh7 17. Nb5 f5 18. f4 fxg4 19. hxg4 Nf6 20. Bf3 Rae8 21. g5 Nh7
22. Bd5+ Kh8 23. Qh5 Bxg5 24. fxg5 Rxf1+ 25. Kxf1 Rf8+ 26. Kg2 Qf5 27. Qe2 Nxg5
28. Bxg5 Qxg5+ 1/2-1/2

[Event "SK Königsspringer Nordwalde 1 - SK Müns"]
[Site "Verbandsklasse 2016/2017"]
[Date "2017.03.25"]
[Round "8.5"]
[White "Schlagheck, Thomas"]
[Black "Holstegge, Ludger"]
[Result "1/2-1/2"]
[WhiteElo "1654"]
[BlackElo "1829"]
[PlyCount "40"]
[EventDate "2017.??.??"]
[SourceDate "2016.10.13"]

1. c4 c5 2. Nc3 Nc6 3. g3 g6 4. Bg2 Bg7 5. e3 d6 6. Nge2 e5 7. f4 Nge7 8. O-O
O-O 9. b3 Bf5 10. a3 Qd7 11. Bb2 Rad8 12. Nd5 Bg4 13. Nxe7+ Nxe7 14. Qe1 Bxe2
15. Qxe2 f5 16. Rad1 Qc7 17. d4 e4 18. d5 a5 19. Bxg7 Kxg7 20. Qb2+ Kf7 1/2-1/2

[Event "SK Königsspringer Nordwalde 1 - SK Müns"]
[Site "Verbandsklasse 2016/2017"]
[Date "2017.03.25"]
[Round "8.6"]
[White "Kasubke, Manfred"]
[Black "Nieder, Holger"]
[Result "1/2-1/2"]
[WhiteElo "1889"]
[BlackElo "1351"]
[PlyCount "42"]
[EventDate "2017.??.??"]
[SourceDate "2016.10.13"]

1. c4 Nf6 2. g3 e5 3. Bg2 Nc6 4. Nc3 Bb4 5. Nd5 Bc5 6. e3 Nxd5 7. cxd5 Ne7 8.
a3 d6 9. b4 Bb6 10. a4 a6 11. Ne2 Bd7 12. d4 exd4 13. Nxd4 Nf5 14. Nxf5 Bxf5
15. Bb2 O-O 16. O-O Re8 17. Bd4 Bxd4 18. Qxd4 Qd7 19. Rfc1 Re7 20. Rc3 Rae8 21.
Rac1 Qd8 1/2-1/2

[Event "SK Königsspringer Nordwalde 1 - SK Müns"]
[Site "Verbandsklasse 2016/2017"]
[Date "2017.03.25"]
[Round "8.7"]
[White "Reschka, Reinhard"]
[Black "Steens, Rudolf"]
[Result "0-1"]
[WhiteElo "1231"]
[BlackElo "1752"]
[PlyCount "100"]
[EventDate "2017.??.??"]
[SourceDate "2016.10.13"]

1. e4 e6 2. d4 d5 3. exd5 exd5 4. Nf3 Bd6 5. Bd3 Ne7 6. Ng5 Bf5 7. Qh5 g6 8.
Qh6 Bxd3 9. Qg7 Rf8 10. Nxh7 Nf5 11. Nf6+ Ke7 12. Nxd5+ Ke6 13. Qf6+ Qxf6 14.
Nxf6 Kxf6 15. cxd3 Nxd4 16. Kd2 Bf4+ 17. Kc3 Bxc1 18. Kxd4 Bxb2+ 19. Nc3 Nc6+
20. Kc4 Bxa1 21. Rxa1 Ne5+ 22. Kd4 Rad8+ 23. Nd5+ Kg7 24. Ke4 Nxd3 25. Nxc7
Nxf2+ 26. Kf3 Nd3 27. Rb1 Nc5 28. Re1 a6 29. Re7 Kf6 30. Re2 Ne6 31. Nxe6 fxe6
32. Ke4 Rd5 33. Rf2+ Ke7 34. Rc2 Rfd8 35. Ke3 e5 36. g4 Ke6 37. Rb2 Rd3+ 38.
Ke2 b5 39. Rc2 e4 40. Rc6+ R8d6 41. Rc8 Ke5 42. Rc2 Rh3 43. Kf1 e3 44. Kg2
Rxh2+ 45. Kxh2 Rd2+ 46. Rxd2 exd2 47. a4 Kf4 48. axb5 d1=Q 49. b6 Qe2+ 50. Kh3
Qf2 0-1

[Event "SK Königsspringer Nordwalde 1 - SK Müns"]
[Site "Verbandsklasse 2016/2017"]
[Date "2017.03.25"]
[Round "8.8"]
[White "Hols, Bernhard"]
[Black "Cortenbach, Stan"]
[Result "1-0"]
[WhiteElo "1762"]
[BlackElo "1786"]
[PlyCount "89"]
[EventDate "2017.??.??"]
[SourceDate "2016.10.13"]

1. Nf3 d5 2. d4 Nf6 3. Bg5 e6 4. e3 Nbd7 5. Nbd2 a6 6. Bd3 c5 7. c3 Be7 8. a4
O-O 9. O-O Qc7 10. Re1 e5 11. e4 dxe4 12. Nxe4 Nd5 13. dxe5 Bxg5 14. Nexg5 h6
15. Nxf7 c4 16. Bb1 Nf4 17. Nd6 Nb6 18. Qd4 Bg4 19. Qe4 g5 20. a5 Nbd5 21. Ba2
Bxf3 22. Qxf3 Qc5 23. Bxc4 Kg7 24. b4 Qc6 25. Rad1 Ne7 26. Qxc6 bxc6 27. Re3
Ned5 28. Rg3 Nh5 29. Rg4 Nhf4 30. Bxd5 Nxd5 31. Kf1 Nxc3 32. Rc1 Nd5 33. Re4
Rab8 34. Rxc6 Nxb4 35. Rb6 Nd3 36. f3 Nc5 37. Reb4 Ra8 38. Rc4 Nd3 39. Rc7+ Kg8
40. e6 Nf4 41. e7 Rf7 42. e8=Q+ Rxe8 43. Nxe8 Nd5 44. Rxf7 Kxf7 45. Rb8 1-0

[Event "SC Sendenhorst 1 - SG Turm Raesfeld/Erl"]
[Site "Verbandsklasse 2016/2017"]
[Date "2017.03.25"]
[Round "8.1"]
[White "Bölker, Franz"]
[Black "Janz, Stefan"]
[Result "1/2-1/2"]
[WhiteElo "1798"]
[BlackElo "1796"]
[PlyCount "48"]
[EventDate "2017.??.??"]
[SourceDate "2016.10.13"]

1. d4 Nf6 2. c4 d6 3. Nc3 g6 4. g3 Bg7 5. Bg2 c6 6. e3 Qc7 7. Nge2 e5 8. O-O
O-O 9. b3 Nbd7 10. a4 a5 11. Ba3 Rd8 12. Rc1 Nf8 13. d5 c5 14. Nb5 Qb6 15. Nec3
Ne8 16. e4 Nc7 17. f4 Nxb5 18. Nxb5 Bd7 19. Bb2 f6 20. fxe5 fxe5 21. Rc2 Bxb5
22. axb5 Qc7 23. Rcf2 Rd7 24. Qf3 Re7 1/2-1/2

[Event "SC Sendenhorst 1 - SG Turm Raesfeld/Erl"]
[Site "Verbandsklasse 2016/2017"]
[Date "2017.03.25"]
[Round "8.2"]
[White "Füllborn, Dietrich"]
[Black "Fasselt, Hendrik"]
[Result "1/2-1/2"]
[WhiteElo "1654"]
[BlackElo "1822"]
[PlyCount "61"]
[EventDate "2017.??.??"]
[SourceDate "2016.10.13"]

1. d4 d5 2. c4 e6 3. Nc3 Nf6 4. Bg5 Be7 5. e3 h6 6. Bh4 O-O 7. Nf3 c6 8. Qc2
Nbd7 9. Be2 Re8 10. O-O Nf8 11. Ne5 N6d7 12. Bxe7 Qxe7 13. f4 f6 14. Ng6 Nxg6
15. Qxg6 Nf8 16. Qc2 Bd7 17. Rae1 Qd6 18. c5 Qc7 19. e4 Re7 20. f5 dxe4 21.
Nxe4 exf5 22. Bc4+ Be6 23. Nd6 Kh8 24. Nxf5 Bxf5 25. Qxf5 Rae8 26. Rxe7 Qxe7
27. b4 Rd8 28. d5 Qe3+ 29. Kh1 Qd4 30. Rf4 Qd1+ 31. Rf1 1/2-1/2

[Event "SC Sendenhorst 1 - SG Turm Raesfeld/Erl"]
[Site "Verbandsklasse 2016/2017"]
[Date "2017.03.25"]
[Round "8.3"]
[White "Brömmel, Chris"]
[Black "Weng, Peter"]
[Result "1/2-1/2"]
[WhiteElo "1770"]
[BlackElo "1717"]
[PlyCount "59"]
[EventDate "2017.??.??"]
[SourceDate "2016.10.13"]

1. e4 e6 2. b3 d5 3. Bb2 Nf6 4. exd5 Nxd5 5. Bc4 Nc6 6. Qf3 Ndb4 7. Na3 Qg5 8.
Nh3 Qf5 9. Qxf5 exf5 10. Ng5 Nd8 11. O-O f6 12. Nb5 Na6 13. Rfe1+ Kd7 14. Nf7
Nxf7 15. Be6+ Kd8 16. Bxf7 Bd7 17. Nd4 Bd6 18. Be6 Be5 19. Bc3 Bxd4 20. Bxd4
Bxe6 21. Rxe6 Re8 22. Rxe8+ Kxe8 23. a3 Rd8 24. Bc3 Nc5 25. f3 Kf7 26. Kf2 Ne6
27. Re1 Rd5 28. g3 c6 29. Ke3 f4+ 30. Kf2 1/2-1/2

[Event "SC Sendenhorst 1 - SG Turm Raesfeld/Erl"]
[Site "Verbandsklasse 2016/2017"]
[Date "2017.03.25"]
[Round "8.4"]
[White "Specht, Bernfried"]
[Black "Tünte, Marcel"]
[Result "1/2-1/2"]
[WhiteElo "1697"]
[BlackElo "1852"]
[PlyCount "38"]
[EventDate "2017.??.??"]
[SourceDate "2016.10.13"]

1. e4 e5 2. Nf3 Nc6 3. Bc4 Bc5 4. c3 Qe7 5. d4 exd4 6. O-O dxc3 7. Nxc3 d6 8.
Nd5 Qd8 9. b4 Bb6 10. Bb2 f6 11. Qb3 Nh6 12. Rad1 Bg4 13. Rd3 Rf8 14. a4 Bxf3
15. gxf3 a6 16. Nxb6 cxb6 17. Rfd1 Nf7 18. Bxf7+ Rxf7 19. Rxd6 Qc7 1/2-1/2

[Event "SC Sendenhorst 1 - SG Turm Raesfeld/Erl"]
[Site "Verbandsklasse 2016/2017"]
[Date "2017.03.25"]
[Round "8.5"]
[White "Kadenbach, Wolfgang"]
[Black "Westhues, Ralf"]
[Result "1/2-1/2"]
[WhiteElo "1746"]
[BlackElo "1603"]
[PlyCount "36"]
[EventDate "2017.??.??"]
[SourceDate "2016.10.13"]

1. d4 c5 2. d5 Nf6 3. c4 d6 4. Nc3 g6 5. e4 Bg7 6. Bd3 O-O 7. f3 Nbd7 8. Be3
Ne5 9. Nge2 e6 10. O-O exd5 11. cxd5 a6 12. a4 h5 13. Nc1 Bd7 14. a5 b5 15.
axb6 Qxb6 16. Rb1 Qb7 17. Qe2 Rfb8 18. h3 Bb5 1/2-1/2

[Event "SC Sendenhorst 1 - SG Turm Raesfeld/Erl"]
[Site "Verbandsklasse 2016/2017"]
[Date "2017.03.25"]
[Round "8.6"]
[White "Göntgens, Werner"]
[Black "Droste, Laurenz"]
[Result "1/2-1/2"]
[WhiteElo "1592"]
[BlackElo "1648"]
[PlyCount "53"]
[EventDate "2017.??.??"]
[SourceDate "2016.10.13"]

1. d4 e6 2. Nf3 b6 3. Bf4 Bb7 4. e3 c5 5. c3 cxd4 6. exd4 Ne7 7. Be2 Ng6 8. Bg3
Be7 9. Nbd2 f5 10. h3 d6 11. Qb3 f4 12. Bh2 Qd7 13. Bd3 Nh4 14. Nxh4 Bxh4 15.
Be4 Bxe4 16. Nxe4 d5 17. Nd2 O-O 18. Nf3 Be7 19. Qc2 Nc6 20. Qe2 Rae8 21. O-O
Rf5 22. Rae1 Bd6 23. Qd3 Bb8 24. Re2 e5 25. dxe5 Nxe5 26. Nxe5 Rexe5 27. Rfe1
1/2-1/2

[Event "SC Sendenhorst 1 - SG Turm Raesfeld/Erl"]
[Site "Verbandsklasse 2016/2017"]
[Date "2017.03.25"]
[Round "8.7"]
[White "Terhart, Jürgen"]
[Black "Kratz, Alexander"]
[Result "1/2-1/2"]
[WhiteElo "1758"]
[BlackElo "1535"]
[PlyCount "44"]
[EventDate "2017.??.??"]
[SourceDate "2016.10.13"]

1. d4 e6 2. c4 Nf6 3. Nc3 Bb4 4. a3 Bxc3+ 5. bxc3 b6 6. Bg5 h6 7. Bh4 g5 8. Bg3
Ne4 9. Qc2 Bb7 10. f3 Nxg3 11. hxg3 d5 12. e3 Qd6 13. g4 Nd7 14. Bd3 O-O-O 15.
Ne2 h5 16. gxh5 Nf6 17. cxd5 Nxh5 18. dxe6 fxe6 19. O-O-O Qxa3+ 20. Kd2 Qd6 21.
Ra1 a5 22. Be4 Ng3 1/2-1/2

[Event "SC Sendenhorst 1 - SG Turm Raesfeld/Erl"]
[Site "Verbandsklasse 2016/2017"]
[Date "2017.03.25"]
[Round "8.8"]
[White "Elmenhorst, Bernd"]
[Black "Schönstädt, Hans-Werner"]
[Result "1/2-1/2"]
[WhiteElo "1487"]
[BlackElo "1536"]
[PlyCount "40"]
[EventDate "2017.??.??"]
[SourceDate "2016.10.13"]

1. e4 e5 2. Nf3 Nc6 3. Bc4 Nf6 4. Nc3 Bc5 5. O-O d6 6. h3 O-O 7. d3 Na5 8. Bb3
Nxb3 9. axb3 a6 10. Bg5 c6 11. Ne2 Qe7 12. c3 Qe6 13. b4 Ba7 14. Ng3 Ne8 15.
Qd2 Kh8 16. Kh2 f6 17. Be3 Qe7 18. Nh4 Rg8 19. Ngf5 Qf7 20. Qe2 Be6 1/2-1/2

[Event "SF Neuenkirchen 2 - SK Metelen 1"]
[Site "Verbandsklasse 2016/2017"]
[Date "2017.03.25"]
[Round "8.1"]
[White "Schudro, Vasily"]
[Black "Santos Brito, Daniel"]
[Result "0-1"]
[WhiteElo "2075"]
[BlackElo "1936"]
[PlyCount "102"]
[EventDate "2017.??.??"]
[SourceDate "2016.10.13"]

1. e4 g6 2. d4 Bg7 3. Be2 d6 4. h4 Nf6 5. Nc3 h5 6. Nh3 c5 7. dxc5 Qa5 8. Ng5
Qxc5 9. Be3 Qa5 10. O-O Nc6 11. f3 O-O 12. Bc4 Ne5 13. Bb3 Nh7 14. Nd5 Qd8 15.
c3 e6 16. Nb4 Bh6 17. Qd2 Bxg5 18. hxg5 Qe7 19. Rad1 Rd8 20. Nc2 b6 21. Nd4 Bb7
22. f4 Ng4 23. Bc2 Nxe3 24. Qxe3 e5 25. Nf3 exf4 26. Qxf4 Rac8 27. Rd4 Rc5 28.
Bb3 Rd7 29. Bd5 Bxd5 30. exd5 Qd8 31. c4 Re7 32. Rd2 Qd7 33. b3 Rc8 34. Rdf2
Rf8 35. Rc2 Rfe8 36. Rcf2 Re4 37. Qd2 Qg4 38. Qb4 Qg3 39. Qa4 R8e7 40. Qc6 Rg4
41. Qc8+ Kg7 42. Qd8 Rge4 43. Nd4 Nxg5 44. Ne6+ R7xe6 45. dxe6 Nh3+ 46. Kh1
Nxf2+ 47. Rxf2 Rxe6 48. Rf1 Qd3 49. Kg1 Qd4+ 50. Kh1 Re4 51. g3 Re2 0-1

[Event "SF Neuenkirchen 2 - SK Metelen 1"]
[Site "Verbandsklasse 2016/2017"]
[Date "2017.03.25"]
[Round "8.3"]
[White "Zachej, Arne"]
[Black "Rengers, Rainer"]
[Result "1/2-1/2"]
[WhiteElo "1879"]
[BlackElo "1752"]
[PlyCount "49"]
[EventDate "2017.??.??"]
[SourceDate "2016.10.13"]

1. d4 d5 2. c4 e6 3. Nc3 Nf6 4. Bg5 Nbd7 5. cxd5 exd5 6. e3 c6 7. Bd3 h6 8. Bh4
Be7 9. Qc2 O-O 10. Nge2 Re8 11. Bg3 c5 12. Nb5 Qa5+ 13. Qc3 Bd8 14. Nd6 Rf8 15.
O-O c4 16. Bf5 Qa6 17. e4 dxe4 18. Qxc4 Qxc4 19. Nxc4 Nb6 20. Nd6 Bxf5 21. Nxf5
Nbd5 22. Rfc1 Re8 23. Be5 Bb6 24. Neg3 Re6 25. Rc4 1/2-1/2

[Event "SF Neuenkirchen 2 - SK Metelen 1"]
[Site "Verbandsklasse 2016/2017"]
[Date "2017.03.25"]
[Round "8.7"]
[White "Gravenkötter, Christian"]
[Black "Winter, Reinhold"]
[Result "1-0"]
[WhiteElo "1689"]
[BlackElo "1567"]
[PlyCount "55"]
[EventDate "2017.??.??"]
[SourceDate "2016.10.13"]

1. e4 c6 2. d4 d5 3. e5 Bf5 4. Bd3 Bxd3 5. Qxd3 e6 6. Nf3 h6 7. Be3 Ne7 8. Nbd2
Nf5 9. O-O Nd7 10. c3 Qb6 11. b3 c5 12. h3 Rc8 13. g4 cxd4 14. cxd4 Nxe3 15.
fxe3 Ba3 16. Rad1 O-O 17. g5 hxg5 18. Nxg5 g6 19. Rf2 Rc1 20. Rxc1 Bxc1 21.
Ndf3 Kg7 22. h4 f6 23. h5 f5 24. h6+ Kh8 25. Nh4 Rg8 26. Nhf3 Ba3 27. Nf7+ Kh7
28. N3g5# 1-0

[Event "SF Neuenkirchen 2 - SK Metelen 1"]
[Site "Verbandsklasse 2016/2017"]
[Date "2017.03.25"]
[Round "8.8"]
[White "Barlage, Stefan"]
[Black "Denkler, Jürgen"]
[Result "0-1"]
[WhiteElo "1123"]
[BlackElo "1682"]
[PlyCount "56"]
[EventDate "2017.??.??"]
[SourceDate "2016.10.13"]

1. e4 e6 2. d4 d5 3. e5 c5 4. c3 Nc6 5. Nf3 Nge7 6. Bb5 Qb6 7. Bxc6+ Nxc6 8.
O-O Be7 9. Na3 O-O 10. Nc2 h6 11. h3 Bd7 12. b3 a5 13. Bd2 cxd4 14. cxd4 Rfc8
15. Re1 Rc7 16. Re3 Rac8 17. Bc3 Na7 18. Qd2 Qa6 19. Nce1 b6 20. Rc1 Ba3 21.
Rc2 Nb5 22. Qe2 Qb7 23. Bb2 Rxc2 24. Nxc2 Bxb2 25. a4 Nc3 26. Qe1 Ne4 27. Nd2
Rxc2 28. Nxe4 Rc1 0-1

[Event "SF Beelen 2 - SC Klein-Berlin Rheine 2"]
[Site "Verbandsklasse 2016/2017"]
[Date "2017.03.25"]
[Round "8.1"]
[White "Ratert, Matthias"]
[Black "Hanewinkel, Christian"]
[Result "1-0"]
[WhiteElo "1864"]
[BlackElo "1672"]
[PlyCount "81"]
[EventDate "2017.??.??"]
[SourceDate "2016.10.13"]

1. e4 c5 2. c3 Nc6 3. Nf3 e6 4. d4 cxd4 5. cxd4 Bb4+ 6. Nc3 d5 7. Bd3 Nge7 8.
O-O h6 9. Ne2 dxe4 10. Bxe4 Nd5 11. Nf4 Bd6 12. Ne5 Nxf4 13. Bxf4 Qf6 14. Qa4
Bd7 15. Bxc6 bxc6 16. Nxd7 Kxd7 17. Bxd6 Kxd6 18. Rac1 Rhc8 19. Rc3 Rc7 20.
Qa3+ Kd7 21. Rfc1 Rac8 22. b4 Ke8 23. Rc4 Qe7 24. Qc3 Qd6 25. a4 Kd7 26. Qf3
Kd8 27. g3 Qd5 28. Qg4 f5 29. Qe2 Re7 30. Rc5 Qb3 31. b5 Qxa4 32. bxc6 Qb4 33.
Qe5 Qb2 34. Qd6+ Ke8 35. c7 Qb7 36. d5 exd5 37. Qg6+ Rf7 38. Rc6 Kf8 39. Qd6+
Kg8 40. Qxd5 Kf8 41. Qd8+ 1-0

[Event "SF Beelen 2 - SC Klein-Berlin Rheine 2"]
[Site "Verbandsklasse 2016/2017"]
[Date "2017.03.25"]
[Round "8.2"]
[White "Hofene, Werner"]
[Black "Hauk, Viktor"]
[Result "1-0"]
[WhiteElo "1749"]
[BlackElo "1809"]
[PlyCount "77"]
[EventDate "2017.??.??"]
[SourceDate "2016.10.13"]

1. f4 d5 2. Nf3 Nf6 3. b3 Nc6 4. Bb2 h6 5. e3 Bg4 6. Bb5 e6 7. O-O Bd6 8. Qe1
Bxf3 9. Rxf3 Rg8 10. Bxc6+ bxc6 11. d3 Nh5 12. Rh3 Nf6 13. Nd2 Ng4 14. Qe2 f5
15. Rf1 g5 16. e4 gxf4 17. exf5 Ne3 18. Rf2 Qg5 19. fxe6 Nf5 20. Nf3 Qg4 21.
Kh1 Bc5 22. d4 Bb6 23. Qd3 Ne3 24. Rxh6 O-O-O 25. Qa6+ Kb8 26. Rd2 Nxg2 27. Ne5
Qg7 28. Rg6 Qh7 29. Rdxg2 Qh4 30. Rxg8 Qe1+ 31. Rg1 Qe4+ 32. R8g2 f3 33. Rf2
Rh8 34. Nxf3 Qxe6 35. Ne5 Ka8 36. Rgf1 Qe7 37. Ba3 c5 38. Bxc5 Rxh2+ 39. Rxh2
1-0

[Event "SF Beelen 2 - SC Klein-Berlin Rheine 2"]
[Site "Verbandsklasse 2016/2017"]
[Date "2017.03.25"]
[Round "8.3"]
[White "van Dijk, Guido"]
[Black "Wältermann, Thomas"]
[Result "1/2-1/2"]
[WhiteElo "1712"]
[BlackElo "1742"]
[PlyCount "66"]
[EventDate "2017.??.??"]
[SourceDate "2016.10.13"]

1. e4 c5 2. f4 e6 3. Nf3 d5 4. Bb5+ Bd7 5. Bxd7+ Qxd7 6. e5 Nc6 7. O-O c4 8. d4
cxd3 9. cxd3 Nge7 10. d4 g6 11. Nc3 Bg7 12. Be3 Nf5 13. Bf2 h5 14. a3 Bh6 15.
g3 O-O 16. b4 Rfc8 17. Qd3 Bf8 18. Rfb1 Be7 19. Rb3 Kg7 20. Kg2 Qd8 21. h4 a6
22. Rab1 Qc7 23. Na4 b5 24. Nc5 Bxc5 25. dxc5 Ra7 26. Nd4 Nfxd4 27. Bxd4 Nxd4
28. Qxd4 Qc6 29. Kh3 Rca8 30. f5 gxf5 31. Qf4 Rh8 32. Qg5+ Kf8 33. Qd8+ Kg7
1/2-1/2

[Event "SF Beelen 2 - SC Klein-Berlin Rheine 2"]
[Site "Verbandsklasse 2016/2017"]
[Date "2017.03.25"]
[Round "8.4"]
[White "Hofene, Markus"]
[Black "Brinkmann, Franz-Josef"]
[Result "0-1"]
[WhiteElo "1627"]
[BlackElo "1773"]
[PlyCount "64"]
[EventDate "2017.??.??"]
[SourceDate "2016.10.13"]

1. e4 c5 2. b3 Nc6 3. Bb2 d5 4. exd5 Qxd5 5. Nc3 Qd8 6. Bb5 Bd7 7. Nf3 a6 8.
Be2 Nf6 9. O-O e6 10. d3 Bd6 11. Ne4 Be7 12. Qc1 Nxe4 13. dxe4 f6 14. Rd1 Qc7
15. Qe3 e5 16. c3 b5 17. Ne1 Rd8 18. Qg3 O-O 19. Nc2 Be6 20. Bg4 f5 21. exf5
Bxf5 22. Ne3 Be4 23. Be6+ Kh8 24. Bd5 Bg6 25. Bf3 Bd6 26. Nd5 Qb8 27. Qh3 e4
28. Bh5 Bxh5 29. Qxh5 c4 30. Ne3 Ne5 31. Nf5 Nd3 32. Qg4 Bxh2+ 0-1

[Event "SF Beelen 2 - SC Klein-Berlin Rheine 2"]
[Site "Verbandsklasse 2016/2017"]
[Date "2017.03.25"]
[Round "8.5"]
[White "Huesmann, Stephan"]
[Black "Bleier, Thomas"]
[Result "1-0"]
[WhiteElo "1687"]
[BlackElo "1648"]
[PlyCount "125"]
[EventDate "2017.??.??"]
[SourceDate "2016.10.13"]

1. e4 e6 2. d4 d5 3. Nd2 c5 4. c3 Nc6 5. exd5 exd5 6. Ndf3 Bg4 7. Be3 Qb6 8.
Qd2 Bd6 9. dxc5 Bxc5 10. Bxc5 Qxc5 11. Qg5 Nf6 12. Qxg7 Qe7+ 13. Be2 O-O-O 14.
O-O-O h6 15. Nd4 Nxd4 16. Bxg4+ Kb8 17. Rxd4 Rdg8 18. Qxh8 Rxh8 19. Nf3 Nxg4
20. Rxg4 Qe2 21. Re1 Qxf2 22. Re7 Rf8 23. Rb4 b6 24. Nd4 Rc8 25. a4 Rc7 26.
Re8+ Kb7 27. Re2 Qf4+ 28. Kb1 Qxh2 29. a5 Qh5 30. Ka2 Qg5 31. axb6 axb6 32. Rf2
Qh5 33. Rf6 Kc8 34. Rbxb6 Ra7+ 35. Kb3 Qd1+ 36. Nc2 Qb1 37. Na3 Qd1+ 38. Ka2
Rb7 39. Rfc6+ Kb8 40. Rxh6 Rxb6 41. Rxb6+ Kc7 42. Rb4 f5 43. Nb5+ Kd7 44. Rd4
Qf1 45. c4 Qxg2 46. Rxd5+ Ke6 47. Nd4+ Kf6 48. Nxf5 Qc2 49. Nd6 Ke6 50. Ka3 Qc1
51. Kb3 Qe3+ 52. Kb4 Qb6+ 53. Nb5 Qf2 54. b3 Qe1+ 55. Kc5 Qe3+ 56. Nd4+ Ke7 57.
b4 Qa3 58. Nc6+ Ke6 59. Rd6+ Kf7 60. Kb6 Ke8 61. c5 Qc3 62. b5 Qc4 63. Rd8+ 1-0

[Event "SF Beelen 2 - SC Klein-Berlin Rheine 2"]
[Site "Verbandsklasse 2016/2017"]
[Date "2017.03.25"]
[Round "8.6"]
[White "Grothues, Fabian"]
[Black "Pohlmeier, Ulrich"]
[Result "1/2-1/2"]
[WhiteElo "1576"]
[BlackElo "1588"]
[PlyCount "118"]
[EventDate "2017.??.??"]
[SourceDate "2016.10.13"]

1. e4 d6 2. d4 g6 3. Bc4 Bg7 4. Be3 Nd7 5. Nf3 Ngf6 6. Nc3 O-O 7. Qd2 c5 8.
dxc5 Nxc5 9. Bd3 Nxd3+ 10. cxd3 a6 11. Bh6 b5 12. Bxg7 Kxg7 13. a3 Bb7 14. O-O
Qb6 15. Rac1 Rac8 16. Rc2 Nd7 17. b4 e6 18. Rfc1 Nf6 19. Ne2 Rxc2 20. Rxc2 Rd8
21. h3 Rd7 22. Qc1 e5 23. Qe3 Qd8 24. Ng3 h6 25. Kf1 Re7 26. Ne1 d5 27. f3 d4
28. Qc1 Ne8 29. f4 f6 30. fxe5 fxe5 31. Nf3 Qd6 32. Kg1 Rc7 33. Nh4 Rxc2 34.
Qxc2 Qc7 35. Qxc7+ Nxc7 36. Nf3 Kf6 37. Kf2 Ne6 38. Nf1 Nf4 39. Ne1 Bc8 40. Nd2
Be6 41. Kf3 h5 42. h4 Bg4+ 43. Kf2 Bd7 44. Nb3 Ne6 45. Ke2 g5 46. hxg5+ Kxg5
47. Nf3+ Kf6 48. g3 Ng5 49. Nxg5 Kxg5 50. Nc5 Bc8 51. Kf3 Bg4+ 52. Kf2 Bc8 53.
a4 Kg4 54. axb5 axb5 55. Nb3 Kg5 56. Na5 Kf6 57. Nc6 Bd7 58. Na5 Bc8 59. Nb3
Kg5 1/2-1/2

[Event "SF Beelen 2 - SC Klein-Berlin Rheine 2"]
[Site "Verbandsklasse 2016/2017"]
[Date "2017.03.25"]
[Round "8.7"]
[White "Engfer, Klaus"]
[Black "Leismann, Franz-Josef"]
[Result "1/2-1/2"]
[WhiteElo "1554"]
[BlackElo "1548"]
[PlyCount "102"]
[EventDate "2017.??.??"]
[SourceDate "2016.10.13"]

1. e4 e6 2. d4 d5 3. exd5 exd5 4. Nf3 Nf6 5. Be2 h6 6. O-O Bd6 7. Re1 O-O 8. h3
c6 9. Bd3 Qc7 10. c3 Be6 11. b4 a6 12. a4 Nbd7 13. a5 b6 14. axb6 Qxb6 15. Qa4
Nb8 16. Nbd2 Bd7 17. Qa2 Bc8 18. Nb3 Nbd7 19. Nc5 Bxc5 20. bxc5 Qc7 21. c4 a5
22. Qa4 Ba6 23. Bd2 Bxc4 24. Bxc4 dxc4 25. Qxc4 Nd5 26. Ra2 Ra7 27. Rea1 Rfa8
28. Ra3 N7f6 29. Ne5 Nd7 30. Nxd7 Qxd7 31. Rxa5 Rxa5 32. Rxa5 Rb8 33. Ra1 Qb7
34. Qc2 Qc7 35. Qa4 Qb7 36. Qc2 Qc7 37. Re1 Qd7 38. Qe4 Rd8 39. Qd3 Nf6 40. Bc3
Nd5 41. Bd2 Nf6 42. Bc3 Nd5 43. Ba5 Ra8 44. Bd2 Rd8 45. Ra1 Nf6 46. Be3 Nd5 47.
Qa6 Qe8 48. Qd3 Qd7 49. Ra3 Rb8 50. Rb3 Rc8 51. Qa6 Qe8 1/2-1/2

[Event "SF Beelen 2 - SC Klein-Berlin Rheine 2"]
[Site "Verbandsklasse 2016/2017"]
[Date "2017.03.25"]
[Round "8.8"]
[White "Kohkemper, Volkmar"]
[Black "Kösters, Michael"]
[Result "1-0"]
[WhiteElo "1728"]
[BlackElo "1477"]
[PlyCount "91"]
[EventDate "2017.??.??"]
[SourceDate "2016.10.13"]

1. d4 d5 2. c4 c6 3. Nc3 Nf6 4. Bg5 Bf5 5. e3 e6 6. Nf3 Nbd7 7. Rc1 h6 8. Bh4
Bd6 9. Be2 g5 10. Bg3 Bxg3 11. hxg3 Qc7 12. Nxg5 Ke7 13. Nf3 Rag8 14. cxd5 exd5
15. Bd3 Be6 16. Qe2 a6 17. e4 Kd8 18. e5 Bg4 19. O-O Re8 20. Qd2 Ng8 21. Nxd5
Qb8 22. Ne3 Be6 23. Qa5+ Qc7 24. Qxc7+ Kxc7 25. d5 Bxd5 26. Nxd5+ Kd8 27. Nf4
Nxe5 28. Nxe5 Rxe5 29. Rfe1 Re7 30. Bf5 Nf6 31. Rcd1+ Ke8 32. Rxe7+ Kxe7 33.
Kf1 Re8 34. Re1+ Kd6 35. Rxe8 Nxe8 36. Ke2 b6 37. Ke3 Ke5 38. Be4 c5 39. Bb7 a5
40. Bd5 Nd6 41. b3 Kf5 42. a4 Ke5 43. Bc4 f6 44. Nd5 Nc8 45. f4+ Ke6 46. Nxb6+
1-0

[Event "Schach Nienberge 2 - Indische Dame Müns"]
[Site "Verbandsklasse 2016/2017"]
[Date "2017.03.25"]
[Round "8.1"]
[White "Knispel-Roth, Martin"]
[Black "da Costa Campos, André"]
[Result "1/2-1/2"]
[WhiteElo "1902"]
[BlackElo "1909"]
[PlyCount "29"]
[EventDate "2017.??.??"]
[SourceDate "2016.10.13"]

1. Nf3 Nf6 2. c4 e6 3. g3 d5 4. Bg2 c5 5. d4 Nc6 6. O-O cxd4 7. Nxd4 Be7 8. Nc3
O-O 9. cxd5 exd5 10. h3 Be6 11. Be3 Qd7 12. Nxe6 fxe6 13. Bg5 Rad8 14. Qa4 h6
15. Bxf6 1/2-1/2